Harry Styles Songs by Spotify Streams - Statistics

General Stats
  • This quiz has been taken 203 times
    69 since last reset
  • The average score is 16 of 20
Answer Stats
Harry Styles Spotify Plays % Correct
SIGN OF THE TIMES 1.6 BILLION
98%
AS IT WAS 3.5 BILLION
97%
WATERMELON SUGAR 2.8 BILLION
95%
ADORE YOU 1.7 BILLION
89%
GOLDEN 938 MILLION
87%
KIWI 543 MILLION
86%
FALLING 1.2 BILLION
81%
FINE LINE 532 MILLION
81%
MUSIC FOR A SUSHI RESTAURANT 424 MILLION
79%
CHERRY 354 MILLION
78%
MATILDA 540 MILLION
78%
LATE NIGHT TALKING 1 BILLION
76%
LIGHTS UP 691 MILLION
75%
SHE 345 MILLION
75%
SWEET CREATURE 609 MILLION
73%
DAYLIGHT 395 MILLION
70%
SATELLITE 479 MILLION
68%
LITTLE FREAK 382 MILLION
62%
KEEP DRIVING 350 MILLION
57%
FROM THE DINING TABLE 357 MILLION
49%
No matching quizzes found
Score Distribution
Percent of People with Each Score
Percentile by Number Answered
Your Score History
You have not taken this quiz since the last reset